| 000 | 00809cam a22002774a 4500 | ||
|---|---|---|---|
| 001 | UByD003351 | ||
| 003 | AR-LpoUNG | ||
| 005 | 20241119114410.0 | ||
| 008 | 890315s1989 nyua d 000 0 eng | ||
| 010 | _a 89005759 | ||
| 020 | _a0131926675 | ||
| 040 |
_aDLC _cDLC _dDLC _dAR-LpoUNG _bspa _eaacr |
||
| 041 | 0 | _aeng | |
| 082 | 0 | 0 |
_aR510 18web _221 |
| 100 | 1 | _aKarush, William | |
| 245 | 1 | 0 | _aWebster's new world dictionary of mathematics |
| 250 | _a1ra. ed. | ||
| 260 |
_aNew York : _bWebster's New World : _bPrentice Hall, _cc1989. |
||
| 300 |
_a317 p. : _bil. |
||
| 500 | _aEd. rev. de: El diccionario creciente de matemáticas. 1962. | ||
| 504 | _aBibliografía: p. 293-300. | ||
| 650 | 4 | _aMATEMATICAS | |
| 650 | 4 | _aDICCIONARIOS | |
| 650 | 4 | _aMATERIAL DE REFERENCIA | |
| 942 |
_2ddc _cLSALA |
||
| 999 |
_c65225 _d65225 |
||